00682nam a22001937a 450000500170000000800410001702000150005805000220007324501020009525000110019726000710020830000210027950400320030065000410033270000320037370000270040570000280043270000280046020230417140901.0230111b cl ||||| |||| 00| 0 spa d a956739777504aKHF3013bL53 200600aLibertad de expresión en Chilec / editor Felipe González ; autores Pedro Anguita,...[et al]. a1a ed. aSantiago :bUniversidad Diego Portales. Facultad de Derecho,c2006 a521 p. ;c23 cm. aBibliografía : p. 519-521 72lembaLibertad de expresiónzChile1 aGonzález, Felipe,eeditor1 aAnguita, Pedro,eautor1 aContesse, Jorge,eautor1 aLovera, Domingo,eautor